01240 a2200241 4500003000500000005001700005010001600022020002900038040000900067082001600076100003500092245008900127260003200216300002700248505025100275650003300526700003600559942001200595999001900607952012400626952012400750952012400874Nust20221121103435.0 a 77367516 a0333192664 :a0333192672 cNust00a621.381,LIN1 aLind, Larry Frederick.910324010aAnalysis and design of sequential digital systems /cL. F. Lind and J. C. C. Nelson. aLondon :bMacmillan,c1977. aviii, 146 p. ;c24 cm. aIntroduction (Page-1), Review of Combinational Logic Techniques (Page-5), Introduction to Sequential Systems (Page-29), Asynchronous Sequential Systems (Page-54), Synchronous Sequential Systems (Page-104), Partial Design Consideration (Page-132)  0aTelecom engineering.91032271 aNelson, J. C. C.d1938-9103241 2ddccBK c181378d181378 00102ddc4070aMCSbMCScGENd2016-12-12o621.381,LINpMCS5111r2016-12-08w2016-12-12yBKzAlmirah No.31, Shelf No.3 00102ddc4070aMCSbMCScGENd2016-12-12o621.381,LINpMCS5112r2016-12-08w2016-12-12yBKzAlmirah No.31, Shelf No.3 00102ddc4070aMCSbMCScGENd2016-12-12o621.381,LINpMCS5113r2016-12-08w2016-12-12yBKzAlmirah No.31, Shelf No.3